Govt. of
Madhya Pradesh

Selected Short Stories by Premchand (Record no. 14454)

MARC details
000 -LEADER
fixed length control field 004840000a22001930004500
001 - CONTROL NUMBER
control field 002544
003 - CONTROL NUMBER IDENTIFIER
control field MACL
005 - DATE AND TIME OF LATEST TRANSACTION
control field 20150919105050.0
008 - FIXED-LENGTH DATA ELEMENTS--GENERAL INFORMATION
fixed length control field 150919b xxu||||| |||| 00| 0 eng d
040 ## - CATALOGING SOURCE
Original cataloging agency MACL
Transcribing agency MACL
041 ## - LANGUAGE CODE
Language code of text/sound track or separate title English
082 ## - DEWEY DECIMAL CLASSIFICATION NUMBER
Classification number 823.301
100 ## - MAIN ENTRY--PERSONAL NAME
Personal name Premchand,
9 (RLIN) 11891
245 ## - TITLE STATEMENT
Title Selected Short Stories by Premchand
Statement of responsibility, etc. Premchand
260 ## - PUBLICATION, DISTRIBUTION, ETC. (IMPRINT)
Place of publication, distribution, etc. New Delhi
Date of publication, distribution, etc. 1997
Name of publisher, distributor, etc. Crest Publishing House,
350 ## - PRICE (NR) (BK AM CF MU VM SE) [OBSOLETE]
Price 55
650 ## - SUBJECT ADDED ENTRY--TOPICAL TERM
Topical term or geographic name as entry element Literature
9 (RLIN) 11892
942 ## - ADDED ENTRY ELEMENTS (KOHA)
Call number prefix 823
Koha item type Books
Source of classification or shelving scheme
Holdings
Withdrawn status Lost status Source of classification or shelving scheme Damaged status Not for loan Home library Current library Date acquired Cost, normal purchase price Total Checkouts Total Renewals Full call number Barcode Date last seen Date last checked out Uniform Resource Identifier Price effective from Koha item type
          MACL MACL 19/09/2015 55.00 2 1 823 CRE010709 02/05/2024 13/11/2016 14339 15/04/2015 Books